000
00187 a2200097 4500
001
7013
100
_a
Slot, G
245
_a
Audio quality
260
_a
_b
Philips
_c
090
_c
5792
_d
5792
942
_a
NUST-CAE
_c
M
_c
32258
999
_c
242086
_d
242086